Fr. Conceicao Rodrigues College of Engineering

Foundations of Computing (Record no. 28610)

MARC details
000 -LEADER
fixed length control field 00373nam a2200169Ia 4500
082 ## - DEWEY DECIMAL CLASSIFICATION NUMBER
Classification number 004.6/SIN
Item number SIN
100 ## - MAIN ENTRY--PERSONAL NAME
Personal name Sinha/Pradeep/ Priti Sinha
245 ## - TITLE STATEMENT
Title Foundations of Computing
260 ## - PUBLICATION, DISTRIBUTION, ETC.
Name of publisher, distributor, etc. BPB Publications
Place of publication, distribution, etc. New Delhi
Date of publication, distribution, etc. 2003
366 ## - TRADE AVAILABILITY INFORMATION
Publishers's discount category 20
300 ## - PHYSICAL DESCRIPTION
Extent 726
546 ## - LANGUAGE NOTE
Language note ENGLISH
650 ## - SUBJECT ADDED ENTRY--TOPICAL TERM
Topical term or geographic name entry element Computers
654 ## - SUBJECT ADDED ENTRY--FACETED TOPICAL TERMS
Focus term computing
942 ## - ADDED ENTRY ELEMENTS (KOHA)
Koha item type BOOK
Holdings
Withdrawn status Lost status Damaged status Not for loan Collection Home library Current library Date acquired Source of acquisition Cost, normal purchase price Total Checkouts Full call number Barcode Date last seen Cost, replacement price Price effective from Koha item type
        CRC Fr. Agnel's C.Rodrigues College of Engineering Fr. Agnel's C.Rodrigues College of Engineering 17/03/2023 Professioal Book House 340.00   004.6/SIN SIN 16974 17/03/2023 360.00   BOOK